000 00340 a2200097 4500
245 0 0 _aTranzystory - Pomiar parametrów [y] w zakresie w. cz PN-74/T-01504 ark.23 /
_cMin. Przem. Maszynowego.
246 1 3 _aPN-74/T-01504 ark.23
246 1 3 _a621.382.3.001.4
260 _aWarszawa :
_bMin. Przem. Maszynowego,
_c1974.
300 _a3 stron ;
_c30 cm.
650 _aPolska norma
999 _c20091
_d20091